| 000 | 00355nam a2200145Ia 4500 | ||
|---|---|---|---|
| 005 | 20240823064559.0 | ||
| 008 | 240823s9999||||xx |||||||||||||| ||und|| | ||
| 082 | _A005.7565 P9 | ||
| 100 | _aSoman K P et al. | ||
| 245 | 0 | _aInsight in to Datamining | |
| 260 |
_c2009 _b#VALUE! |
||
| 500 | _aYES | ||
| 650 |
_aDatamining _bComputer Science |
||
| 942 | _cNB | ||
| 999 |
_c241062 _d241062 |
||